<?xml version="1.0" encoding="UTF-8"?>
<record
    xmlns:xsi="http://www.w3.org/2001/XMLSchema-instance"
    xsi:schemaLocation="http://www.loc.gov/MARC21/slim http://www.loc.gov/standards/marcxml/schema/MARC21slim.xsd"
    xmlns="http://www.loc.gov/MARC21/slim">

  <leader>01067nas a2200277 454500</leader>
  <controlfield tag="001">29535</controlfield>
  <controlfield tag="005">20260407193507.0</controlfield>
  <controlfield tag="008">260407s1990####ag###########|||spa#d</controlfield>
  <controlfield tag="003">AR-UNSa-BCEJYS</controlfield>
  <datafield tag="040" ind1=" " ind2=" ">
    <subfield code="a">AR-UNSa-BCEJYS</subfield>
    <subfield code="b">spa</subfield>
    <subfield code="c">AR-UNSa-BCEJYS</subfield>
  </datafield>
  <datafield tag="080" ind1=" " ind2=" ">
    <subfield code="a">339.3</subfield>
    <subfield code="x">Comercio Interior. Comercio Nacional</subfield>
  </datafield>
  <datafield tag="245" ind1="1" ind2="0">
    <subfield code="a">Bolet&#xED;n Informativo C&#xE1;mara de Comercio e Industria de Salta</subfield>
  </datafield>
  <datafield tag="264" ind1=" " ind2="1">
    <subfield code="a">Salta :</subfield>
    <subfield code="b">[s.n.]</subfield>
    <subfield code="c">1990</subfield>
  </datafield>
  <datafield tag="310" ind1=" " ind2=" ">
    <subfield code="a">Frecuencia: Mensual
Cambia de Director a partir del A&#xF1;o 4, N&#xBA; 35 por Jos&#xE9; Humberto Dakak
Cambia de Director a partir del A&#xF1;o 5, N&#xBA; 42 por Nora R. Nieva ; V&#xED;ctor R. Ag&#xFC;ero</subfield>
  </datafield>
  <datafield tag="041" ind1=" " ind2=" ">
    <subfield code="a">spa</subfield>
  </datafield>
  <datafield tag="942" ind1=" " ind2=" ">
    <subfield code="c">SER</subfield>
  </datafield>
  <datafield tag="590" ind1=" " ind2=" ">
    <subfield code="a">niveau_biblio:s niveau_hierar:1</subfield>
  </datafield>
  <datafield tag="100" ind1="1" ind2=" ">
    <subfield code="a">C&#xE1;mara de Comercio e Industria de Salta</subfield>
  </datafield>
  <datafield tag="700" ind1="1" ind2=" ">
    <subfield code="a">Hubaide, Arnaldo</subfield>
  </datafield>
  <datafield tag="650" ind1=" " ind2=" ">
    <subfield code="a">Comercio</subfield>
  </datafield>
  <datafield tag="650" ind1=" " ind2=" ">
    <subfield code="a">Industria</subfield>
  </datafield>
  <datafield tag="650" ind1=" " ind2=" ">
    <subfield code="a">Comercio interno</subfield>
  </datafield>
  <datafield tag="650" ind1=" " ind2=" ">
    <subfield code="a">Salta</subfield>
  </datafield>
  <datafield tag="650" ind1=" " ind2=" ">
    <subfield code="a">COMERCIO MINORISTA</subfield>
  </datafield>
  <datafield tag="856" ind1="4" ind2="1">
    <subfield code="u">https://biblioeco.unsa.edu.ar/pmb/images/revistas/C?mara de Comercio e Industria de Salta-r14286.jpg</subfield>
    <subfield code="y">Imagen de portada</subfield>
    <subfield code="q">image/jpeg</subfield>
  </datafield>
  <datafield tag="999" ind1=" " ind2=" ">
    <subfield code="c">8670</subfield>
    <subfield code="d">8670</subfield>
  </datafield>
  <datafield tag="952" ind1=" " ind2=" ">
    <subfield code="0">0</subfield>
    <subfield code="1">0</subfield>
    <subfield code="4">0</subfield>
    <subfield code="7">0</subfield>
    <subfield code="a">BCEJYS</subfield>
    <subfield code="b">BCEJYS</subfield>
    <subfield code="c">17</subfield>
    <subfield code="d">1995-05-01</subfield>
    <subfield code="h">A&#xF1;o 6, N&#xBA; 53 - mayo/jun. 1995</subfield>
    <subfield code="l">0</subfield>
    <subfield code="o">H339.3 BOL 53</subfield>
    <subfield code="p">R14286</subfield>
    <subfield code="r">2026-04-10 16:08:50</subfield>
    <subfield code="w">2026-04-10</subfield>
    <subfield code="y">RN</subfield>
  </datafield>
  <datafield tag="952" ind1=" " ind2=" ">
    <subfield code="0">0</subfield>
    <subfield code="1">0</subfield>
    <subfield code="4">0</subfield>
    <subfield code="7">0</subfield>
    <subfield code="a">BCEJYS</subfield>
    <subfield code="b">BCEJYS</subfield>
    <subfield code="c">17</subfield>
    <subfield code="d">1994-05-01</subfield>
    <subfield code="h">A&#xF1;o 5, N&#xBA; 42 - mayo 1994</subfield>
    <subfield code="l">0</subfield>
    <subfield code="o">H339.3 BOL 42</subfield>
    <subfield code="p">R14285</subfield>
    <subfield code="r">2026-04-10 16:08:50</subfield>
    <subfield code="w">2026-04-10</subfield>
    <subfield code="y">RN</subfield>
  </datafield>
  <datafield tag="952" ind1=" " ind2=" ">
    <subfield code="0">0</subfield>
    <subfield code="1">0</subfield>
    <subfield code="4">0</subfield>
    <subfield code="7">0</subfield>
    <subfield code="a">BCEJYS</subfield>
    <subfield code="b">BCEJYS</subfield>
    <subfield code="c">17</subfield>
    <subfield code="d">1993-10-01</subfield>
    <subfield code="h">A&#xF1;o 4, N&#xBA; 36 - oct. 1993</subfield>
    <subfield code="l">0</subfield>
    <subfield code="o">H339.3 BOL 36</subfield>
    <subfield code="p">R14284</subfield>
    <subfield code="r">2026-04-10 16:08:50</subfield>
    <subfield code="w">2026-04-10</subfield>
    <subfield code="y">RN</subfield>
  </datafield>
  <datafield tag="952" ind1=" " ind2=" ">
    <subfield code="0">0</subfield>
    <subfield code="1">0</subfield>
    <subfield code="4">0</subfield>
    <subfield code="7">0</subfield>
    <subfield code="a">BCEJYS</subfield>
    <subfield code="b">BCEJYS</subfield>
    <subfield code="c">17</subfield>
    <subfield code="d">1993-09-01</subfield>
    <subfield code="h">A&#xF1;o 4, N&#xBA; 35 - sep. 1993</subfield>
    <subfield code="l">0</subfield>
    <subfield code="o">H339.3 BOL 35</subfield>
    <subfield code="p">R14283</subfield>
    <subfield code="r">2026-04-10 16:08:50</subfield>
    <subfield code="w">2026-04-10</subfield>
    <subfield code="y">RN</subfield>
  </datafield>
  <datafield tag="952" ind1=" " ind2=" ">
    <subfield code="0">0</subfield>
    <subfield code="1">0</subfield>
    <subfield code="4">0</subfield>
    <subfield code="7">0</subfield>
    <subfield code="a">BCEJYS</subfield>
    <subfield code="b">BCEJYS</subfield>
    <subfield code="c">17</subfield>
    <subfield code="d">1993-07-01</subfield>
    <subfield code="h">A&#xF1;o 4, N&#xBA; 33 - jul. 1993</subfield>
    <subfield code="l">0</subfield>
    <subfield code="o">H339.3 BOL 33</subfield>
    <subfield code="p">R14282</subfield>
    <subfield code="r">2026-04-10 16:08:50</subfield>
    <subfield code="w">2026-04-10</subfield>
    <subfield code="y">RN</subfield>
  </datafield>
  <datafield tag="952" ind1=" " ind2=" ">
    <subfield code="0">0</subfield>
    <subfield code="1">0</subfield>
    <subfield code="4">0</subfield>
    <subfield code="7">0</subfield>
    <subfield code="a">BCEJYS</subfield>
    <subfield code="b">BCEJYS</subfield>
    <subfield code="c">17</subfield>
    <subfield code="d">1993-06-01</subfield>
    <subfield code="h">A&#xF1;o 4, N&#xBA; 32 - jun. 1993</subfield>
    <subfield code="l">0</subfield>
    <subfield code="o">H339.3 BOL 32</subfield>
    <subfield code="p">R14281</subfield>
    <subfield code="r">2026-04-10 16:08:50</subfield>
    <subfield code="w">2026-04-10</subfield>
    <subfield code="y">RN</subfield>
  </datafield>
  <datafield tag="952" ind1=" " ind2=" ">
    <subfield code="0">0</subfield>
    <subfield code="1">0</subfield>
    <subfield code="4">0</subfield>
    <subfield code="7">0</subfield>
    <subfield code="a">BCEJYS</subfield>
    <subfield code="b">BCEJYS</subfield>
    <subfield code="c">17</subfield>
    <subfield code="d">1993-05-01</subfield>
    <subfield code="h">A&#xF1;o 4, N&#xBA; 31 - mayo 1993</subfield>
    <subfield code="l">0</subfield>
    <subfield code="o">H339.3 BOL 31</subfield>
    <subfield code="p">R14280</subfield>
    <subfield code="r">2026-04-10 16:08:50</subfield>
    <subfield code="w">2026-04-10</subfield>
    <subfield code="y">RN</subfield>
  </datafield>
  <datafield tag="952" ind1=" " ind2=" ">
    <subfield code="0">0</subfield>
    <subfield code="1">0</subfield>
    <subfield code="4">0</subfield>
    <subfield code="7">0</subfield>
    <subfield code="a">BCEJYS</subfield>
    <subfield code="b">BCEJYS</subfield>
    <subfield code="c">17</subfield>
    <subfield code="d">1993-04-01</subfield>
    <subfield code="h">A&#xF1;o 4, N&#xBA; 30 - abr. 1993</subfield>
    <subfield code="l">0</subfield>
    <subfield code="o">H339.3 BOL 30</subfield>
    <subfield code="p">R14279</subfield>
    <subfield code="r">2026-04-10 16:08:50</subfield>
    <subfield code="w">2026-04-10</subfield>
    <subfield code="y">RN</subfield>
  </datafield>
  <datafield tag="952" ind1=" " ind2=" ">
    <subfield code="0">0</subfield>
    <subfield code="1">0</subfield>
    <subfield code="4">0</subfield>
    <subfield code="7">0</subfield>
    <subfield code="a">BCEJYS</subfield>
    <subfield code="b">BCEJYS</subfield>
    <subfield code="c">17</subfield>
    <subfield code="d">1993-03-01</subfield>
    <subfield code="h">A&#xF1;o 4, N&#xBA; 29 - mar. 1993</subfield>
    <subfield code="l">0</subfield>
    <subfield code="o">H339.3 BOL 29</subfield>
    <subfield code="p">R14278</subfield>
    <subfield code="r">2026-04-10 16:08:50</subfield>
    <subfield code="w">2026-04-10</subfield>
    <subfield code="y">RN</subfield>
  </datafield>
  <datafield tag="952" ind1=" " ind2=" ">
    <subfield code="0">0</subfield>
    <subfield code="1">0</subfield>
    <subfield code="4">0</subfield>
    <subfield code="7">0</subfield>
    <subfield code="a">BCEJYS</subfield>
    <subfield code="b">BCEJYS</subfield>
    <subfield code="c">17</subfield>
    <subfield code="d">1993-02-01</subfield>
    <subfield code="h">A&#xF1;o 4, N&#xBA; 28 - feb. 1993</subfield>
    <subfield code="l">0</subfield>
    <subfield code="o">H339.3 BOL 28</subfield>
    <subfield code="p">R14277</subfield>
    <subfield code="r">2026-04-10 16:08:50</subfield>
    <subfield code="w">2026-04-10</subfield>
    <subfield code="y">RN</subfield>
  </datafield>
  <datafield tag="952" ind1=" " ind2=" ">
    <subfield code="0">0</subfield>
    <subfield code="1">0</subfield>
    <subfield code="4">0</subfield>
    <subfield code="7">0</subfield>
    <subfield code="a">BCEJYS</subfield>
    <subfield code="b">BCEJYS</subfield>
    <subfield code="c">17</subfield>
    <subfield code="d">1993-01-01</subfield>
    <subfield code="h">A&#xF1;o 4, N&#xBA; 27 - ene. 1993</subfield>
    <subfield code="l">0</subfield>
    <subfield code="o">H339.3 BOL 27</subfield>
    <subfield code="p">R14276</subfield>
    <subfield code="r">2026-04-10 16:08:50</subfield>
    <subfield code="w">2026-04-10</subfield>
    <subfield code="y">RN</subfield>
  </datafield>
  <datafield tag="952" ind1=" " ind2=" ">
    <subfield code="0">0</subfield>
    <subfield code="1">0</subfield>
    <subfield code="4">0</subfield>
    <subfield code="7">0</subfield>
    <subfield code="a">BCEJYS</subfield>
    <subfield code="b">BCEJYS</subfield>
    <subfield code="c">17</subfield>
    <subfield code="d">1992-12-01</subfield>
    <subfield code="h">A&#xF1;o 3, N&#xBA; 26 - dic. 1992</subfield>
    <subfield code="l">0</subfield>
    <subfield code="o">H339.3 BOL 26</subfield>
    <subfield code="p">R14275</subfield>
    <subfield code="r">2026-04-10 16:08:50</subfield>
    <subfield code="w">2026-04-10</subfield>
    <subfield code="y">RN</subfield>
  </datafield>
  <datafield tag="952" ind1=" " ind2=" ">
    <subfield code="0">0</subfield>
    <subfield code="1">0</subfield>
    <subfield code="4">0</subfield>
    <subfield code="7">0</subfield>
    <subfield code="a">BCEJYS</subfield>
    <subfield code="b">BCEJYS</subfield>
    <subfield code="c">17</subfield>
    <subfield code="d">1992-11-01</subfield>
    <subfield code="h">A&#xF1;o 3, N&#xBA; 25 - nov. 1992</subfield>
    <subfield code="l">0</subfield>
    <subfield code="o">H339.3 BOL 25</subfield>
    <subfield code="p">R14274</subfield>
    <subfield code="r">2026-04-10 16:08:50</subfield>
    <subfield code="w">2026-04-10</subfield>
    <subfield code="y">RN</subfield>
  </datafield>
  <datafield tag="952" ind1=" " ind2=" ">
    <subfield code="0">0</subfield>
    <subfield code="1">0</subfield>
    <subfield code="4">0</subfield>
    <subfield code="7">0</subfield>
    <subfield code="a">BCEJYS</subfield>
    <subfield code="b">BCEJYS</subfield>
    <subfield code="c">17</subfield>
    <subfield code="d">1992-09-01</subfield>
    <subfield code="h">A&#xF1;o 3, N&#xBA; 23 - sep. 1992</subfield>
    <subfield code="l">0</subfield>
    <subfield code="o">H339.3 BOL 23</subfield>
    <subfield code="p">R14273</subfield>
    <subfield code="r">2026-04-10 16:08:50</subfield>
    <subfield code="w">2026-04-10</subfield>
    <subfield code="y">RN</subfield>
  </datafield>
  <datafield tag="952" ind1=" " ind2=" ">
    <subfield code="0">0</subfield>
    <subfield code="1">0</subfield>
    <subfield code="4">0</subfield>
    <subfield code="7">0</subfield>
    <subfield code="a">BCEJYS</subfield>
    <subfield code="b">BCEJYS</subfield>
    <subfield code="c">17</subfield>
    <subfield code="d">1992-07-01</subfield>
    <subfield code="h">A&#xF1;o 3, N&#xBA; 21 - jul. 1992</subfield>
    <subfield code="l">0</subfield>
    <subfield code="o">H339.3 BOL 21</subfield>
    <subfield code="p">R14272</subfield>
    <subfield code="r">2026-04-10 16:08:50</subfield>
    <subfield code="w">2026-04-10</subfield>
    <subfield code="y">RN</subfield>
  </datafield>
  <datafield tag="952" ind1=" " ind2=" ">
    <subfield code="0">0</subfield>
    <subfield code="1">0</subfield>
    <subfield code="4">0</subfield>
    <subfield code="7">0</subfield>
    <subfield code="a">BCEJYS</subfield>
    <subfield code="b">BCEJYS</subfield>
    <subfield code="c">17</subfield>
    <subfield code="d">1992-06-01</subfield>
    <subfield code="h">A&#xF1;o 3, N&#xBA; 20 - jun. 1992</subfield>
    <subfield code="l">0</subfield>
    <subfield code="o">H339.3 BOL 20</subfield>
    <subfield code="p">R14271</subfield>
    <subfield code="r">2026-04-10 16:08:50</subfield>
    <subfield code="w">2026-04-10</subfield>
    <subfield code="y">RN</subfield>
  </datafield>
  <datafield tag="952" ind1=" " ind2=" ">
    <subfield code="0">0</subfield>
    <subfield code="1">0</subfield>
    <subfield code="4">0</subfield>
    <subfield code="7">0</subfield>
    <subfield code="a">BCEJYS</subfield>
    <subfield code="b">BCEJYS</subfield>
    <subfield code="c">17</subfield>
    <subfield code="d">1992-05-01</subfield>
    <subfield code="h">A&#xF1;o 3, N&#xBA; 19 - mayo 1992</subfield>
    <subfield code="l">0</subfield>
    <subfield code="o">H339.3 BOL 19</subfield>
    <subfield code="p">R14270</subfield>
    <subfield code="r">2026-04-10 16:08:50</subfield>
    <subfield code="w">2026-04-10</subfield>
    <subfield code="y">RN</subfield>
  </datafield>
  <datafield tag="952" ind1=" " ind2=" ">
    <subfield code="0">0</subfield>
    <subfield code="1">0</subfield>
    <subfield code="4">0</subfield>
    <subfield code="7">0</subfield>
    <subfield code="a">BCEJYS</subfield>
    <subfield code="b">BCEJYS</subfield>
    <subfield code="c">17</subfield>
    <subfield code="d">1992-04-01</subfield>
    <subfield code="h">A&#xF1;o 3, N&#xBA; 18 - abr. 1992</subfield>
    <subfield code="l">0</subfield>
    <subfield code="o">H339.3 BOL 18</subfield>
    <subfield code="p">R14269</subfield>
    <subfield code="r">2026-04-10 16:08:50</subfield>
    <subfield code="w">2026-04-10</subfield>
    <subfield code="y">RN</subfield>
  </datafield>
  <datafield tag="952" ind1=" " ind2=" ">
    <subfield code="0">0</subfield>
    <subfield code="1">0</subfield>
    <subfield code="4">0</subfield>
    <subfield code="7">0</subfield>
    <subfield code="a">BCEJYS</subfield>
    <subfield code="b">BCEJYS</subfield>
    <subfield code="c">17</subfield>
    <subfield code="d">1992-03-01</subfield>
    <subfield code="h">A&#xF1;o 3, N&#xBA; 17 - mar. 1992</subfield>
    <subfield code="l">0</subfield>
    <subfield code="o">H339.3 BOL 17</subfield>
    <subfield code="p">R14268</subfield>
    <subfield code="r">2026-04-10 16:08:50</subfield>
    <subfield code="w">2026-04-10</subfield>
    <subfield code="y">RN</subfield>
  </datafield>
  <datafield tag="952" ind1=" " ind2=" ">
    <subfield code="0">0</subfield>
    <subfield code="1">0</subfield>
    <subfield code="4">0</subfield>
    <subfield code="7">0</subfield>
    <subfield code="a">BCEJYS</subfield>
    <subfield code="b">BCEJYS</subfield>
    <subfield code="c">17</subfield>
    <subfield code="d">1992-02-01</subfield>
    <subfield code="h">A&#xF1;o 3, N&#xBA; 16 - feb. 1992</subfield>
    <subfield code="l">0</subfield>
    <subfield code="o">H339.3 BOL 16</subfield>
    <subfield code="p">R14267</subfield>
    <subfield code="r">2026-04-10 16:08:50</subfield>
    <subfield code="w">2026-04-10</subfield>
    <subfield code="y">RN</subfield>
  </datafield>
  <datafield tag="952" ind1=" " ind2=" ">
    <subfield code="0">0</subfield>
    <subfield code="1">0</subfield>
    <subfield code="4">0</subfield>
    <subfield code="7">0</subfield>
    <subfield code="a">BCEJYS</subfield>
    <subfield code="b">BCEJYS</subfield>
    <subfield code="c">17</subfield>
    <subfield code="d">1992-01-01</subfield>
    <subfield code="h">A&#xF1;o 3, N&#xBA; 15 - ene. 1992</subfield>
    <subfield code="l">0</subfield>
    <subfield code="o">H339.3 BOL 15</subfield>
    <subfield code="p">R14266</subfield>
    <subfield code="r">2026-04-10 16:08:50</subfield>
    <subfield code="w">2026-04-10</subfield>
    <subfield code="y">RN</subfield>
  </datafield>
  <datafield tag="952" ind1=" " ind2=" ">
    <subfield code="0">0</subfield>
    <subfield code="1">0</subfield>
    <subfield code="4">0</subfield>
    <subfield code="7">0</subfield>
    <subfield code="a">BCEJYS</subfield>
    <subfield code="b">BCEJYS</subfield>
    <subfield code="c">17</subfield>
    <subfield code="d">1991-12-01</subfield>
    <subfield code="h">A&#xF1;o 2, N&#xBA; 14 - dic. 1991</subfield>
    <subfield code="l">0</subfield>
    <subfield code="o">H339.3 BOL 14</subfield>
    <subfield code="p">R14265</subfield>
    <subfield code="r">2026-04-10 16:08:50</subfield>
    <subfield code="w">2026-04-10</subfield>
    <subfield code="y">RN</subfield>
  </datafield>
  <datafield tag="952" ind1=" " ind2=" ">
    <subfield code="0">0</subfield>
    <subfield code="1">0</subfield>
    <subfield code="4">0</subfield>
    <subfield code="7">0</subfield>
    <subfield code="a">BCEJYS</subfield>
    <subfield code="b">BCEJYS</subfield>
    <subfield code="c">17</subfield>
    <subfield code="d">1991-11-01</subfield>
    <subfield code="h">A&#xF1;o 2, N&#xBA; 13 - nov. 1991</subfield>
    <subfield code="l">0</subfield>
    <subfield code="o">H339.3 BOL 13</subfield>
    <subfield code="p">R14264</subfield>
    <subfield code="r">2026-04-10 16:08:50</subfield>
    <subfield code="w">2026-04-10</subfield>
    <subfield code="y">RN</subfield>
  </datafield>
  <datafield tag="952" ind1=" " ind2=" ">
    <subfield code="0">0</subfield>
    <subfield code="1">0</subfield>
    <subfield code="4">0</subfield>
    <subfield code="7">0</subfield>
    <subfield code="a">BCEJYS</subfield>
    <subfield code="b">BCEJYS</subfield>
    <subfield code="c">17</subfield>
    <subfield code="d">1991-10-01</subfield>
    <subfield code="h">A&#xF1;o 2, N&#xBA; 12 - oct. 1991</subfield>
    <subfield code="l">0</subfield>
    <subfield code="o">H339.3 BOL 12</subfield>
    <subfield code="p">R14263</subfield>
    <subfield code="r">2026-04-10 16:08:50</subfield>
    <subfield code="w">2026-04-10</subfield>
    <subfield code="y">RN</subfield>
  </datafield>
  <datafield tag="952" ind1=" " ind2=" ">
    <subfield code="0">0</subfield>
    <subfield code="1">0</subfield>
    <subfield code="4">0</subfield>
    <subfield code="7">0</subfield>
    <subfield code="a">BCEJYS</subfield>
    <subfield code="b">BCEJYS</subfield>
    <subfield code="c">17</subfield>
    <subfield code="d">1991-09-01</subfield>
    <subfield code="h">A&#xF1;o 2, N&#xBA; 11 - sep. 1991</subfield>
    <subfield code="l">0</subfield>
    <subfield code="o">H339.3 BOL 11</subfield>
    <subfield code="p">R14262</subfield>
    <subfield code="r">2026-04-10 16:08:50</subfield>
    <subfield code="w">2026-04-10</subfield>
    <subfield code="y">RN</subfield>
  </datafield>
  <datafield tag="952" ind1=" " ind2=" ">
    <subfield code="0">0</subfield>
    <subfield code="1">0</subfield>
    <subfield code="4">0</subfield>
    <subfield code="7">0</subfield>
    <subfield code="a">BCEJYS</subfield>
    <subfield code="b">BCEJYS</subfield>
    <subfield code="c">17</subfield>
    <subfield code="d">1991-08-01</subfield>
    <subfield code="h">A&#xF1;o 2, N&#xBA; 10 - ago. 1991</subfield>
    <subfield code="l">0</subfield>
    <subfield code="o">H339.3 BOL 10</subfield>
    <subfield code="p">R14261</subfield>
    <subfield code="r">2026-04-10 16:08:50</subfield>
    <subfield code="w">2026-04-10</subfield>
    <subfield code="y">RN</subfield>
  </datafield>
  <datafield tag="952" ind1=" " ind2=" ">
    <subfield code="0">0</subfield>
    <subfield code="1">0</subfield>
    <subfield code="4">0</subfield>
    <subfield code="7">0</subfield>
    <subfield code="a">BCEJYS</subfield>
    <subfield code="b">BCEJYS</subfield>
    <subfield code="c">17</subfield>
    <subfield code="d">1991-07-01</subfield>
    <subfield code="h">A&#xF1;o 2, N&#xBA; 9 - jul. 1991</subfield>
    <subfield code="l">0</subfield>
    <subfield code="o">H339.3 BOL 9</subfield>
    <subfield code="p">R14260</subfield>
    <subfield code="r">2026-04-10 16:08:50</subfield>
    <subfield code="w">2026-04-10</subfield>
    <subfield code="y">RN</subfield>
  </datafield>
  <datafield tag="952" ind1=" " ind2=" ">
    <subfield code="0">0</subfield>
    <subfield code="1">0</subfield>
    <subfield code="4">0</subfield>
    <subfield code="7">0</subfield>
    <subfield code="a">BCEJYS</subfield>
    <subfield code="b">BCEJYS</subfield>
    <subfield code="c">17</subfield>
    <subfield code="d">1991-06-01</subfield>
    <subfield code="h">A&#xF1;o 2, N&#xBA; 8 - jun. 1991</subfield>
    <subfield code="l">0</subfield>
    <subfield code="o">H339.3 BOL 8</subfield>
    <subfield code="p">R14259</subfield>
    <subfield code="r">2026-04-10 16:08:50</subfield>
    <subfield code="w">2026-04-10</subfield>
    <subfield code="y">RN</subfield>
  </datafield>
  <datafield tag="952" ind1=" " ind2=" ">
    <subfield code="0">0</subfield>
    <subfield code="1">0</subfield>
    <subfield code="4">0</subfield>
    <subfield code="7">0</subfield>
    <subfield code="a">BCEJYS</subfield>
    <subfield code="b">BCEJYS</subfield>
    <subfield code="c">17</subfield>
    <subfield code="d">1991-04-01</subfield>
    <subfield code="h">A&#xF1;o 2, N&#xBA; 6 - abr. 1991</subfield>
    <subfield code="l">0</subfield>
    <subfield code="o">H339.3 BOL 6</subfield>
    <subfield code="p">R14258</subfield>
    <subfield code="r">2026-04-10 16:08:50</subfield>
    <subfield code="w">2026-04-10</subfield>
    <subfield code="y">RN</subfield>
  </datafield>
  <datafield tag="952" ind1=" " ind2=" ">
    <subfield code="0">0</subfield>
    <subfield code="1">0</subfield>
    <subfield code="4">0</subfield>
    <subfield code="7">0</subfield>
    <subfield code="a">BCEJYS</subfield>
    <subfield code="b">BCEJYS</subfield>
    <subfield code="c">17</subfield>
    <subfield code="d">1990-11-01</subfield>
    <subfield code="h">A&#xF1;o 1, N&#xBA; 4 - nov. 1990</subfield>
    <subfield code="l">0</subfield>
    <subfield code="o">H339.3 BOL 4</subfield>
    <subfield code="p">R14257</subfield>
    <subfield code="r">2026-04-10 16:08:50</subfield>
    <subfield code="w">2026-04-10</subfield>
    <subfield code="y">RN</subfield>
  </datafield>
  <datafield tag="952" ind1=" " ind2=" ">
    <subfield code="0">0</subfield>
    <subfield code="1">0</subfield>
    <subfield code="4">0</subfield>
    <subfield code="7">0</subfield>
    <subfield code="a">BCEJYS</subfield>
    <subfield code="b">BCEJYS</subfield>
    <subfield code="c">17</subfield>
    <subfield code="d">1990-10-01</subfield>
    <subfield code="h">A&#xF1;o 1, N&#xBA; 3 - oct. 1990</subfield>
    <subfield code="l">0</subfield>
    <subfield code="o">H339.3 BOL 3</subfield>
    <subfield code="p">R14256</subfield>
    <subfield code="r">2026-04-10 16:08:50</subfield>
    <subfield code="w">2026-04-10</subfield>
    <subfield code="y">RN</subfield>
  </datafield>
  <datafield tag="952" ind1=" " ind2=" ">
    <subfield code="0">0</subfield>
    <subfield code="1">0</subfield>
    <subfield code="4">0</subfield>
    <subfield code="7">0</subfield>
    <subfield code="a">BCEJYS</subfield>
    <subfield code="b">BCEJYS</subfield>
    <subfield code="c">16</subfield>
    <subfield code="d">1990-08-01</subfield>
    <subfield code="h">A&#xF1;o 1, N&#xBA; 1 - ago. 1990</subfield>
    <subfield code="l">0</subfield>
    <subfield code="o">H339.3 BOL 1</subfield>
    <subfield code="p">R14255</subfield>
    <subfield code="r">2026-04-10 16:08:50</subfield>
    <subfield code="w">2026-04-10</subfield>
    <subfield code="y">RN</subfield>
  </datafield>
</record>
